| 000 | 00557nam a2200217 4500 | ||
|---|---|---|---|
| 001 | 45546 | ||
| 010 | _a9789896333669 | ||
| 021 | _b309478/10 | ||
| 090 | _a45546 | ||
| 100 | _a20130724d2010 cd y0pory50030103ba | ||
| 101 | 1 | _apor | |
| 102 | _aPT | ||
| 200 | 1 |
_aO mundo à nossa volta _elivro que fala _fJulia Gasteva _gtrad. e adapt. Isarey |
|
| 210 | 9 |
_aSintra _cGirassol, _dD.L. 2010 |
|
| 215 |
_a [16] p. _cil. _d30 cm |
||
| 225 | _aLivro que fala | ||
| 327 | 1 | _aContém 30 sons | |
| 675 |
_a087.5 _vBN _zpor |
||
| 712 | 0 | 2 | _aIsarey |
| 801 | 0 |
_aPT _bBN _gRPC |
|
| 990 | _cLIVROS | ||